Генеральный план, фасад и план лазарета, план нижнего этажа Астраханской женской гимназии. Архитектор Тимофеев

Доступно только в Электронных читальных залах Найти на картеНа карте
RUSMARC
00003588nmc2a2200000 x 450
00170445798-493f-4f03-a1da-9982d3e1fa0f
00520160107134123.0
100##$a20150130l18741874k l0rusy0189 ca
1010#$arus
102##$aRU
2001#$aГенеральный план, фасад и план лазарета, план нижнего этажа Астраханской женской гимназии. Архитектор Тимофеев
$j1874 г.
251##$cДело
801#0$aRU
$bРГИА
$c20150130
$gRCR
801#1$aRU
$bГлавНИВЦ
$c20150130
$2rusmarc
801#2$aRU
$bПБ им. Б.Н. Ельцина
$c20160107
$gRCR
$2rusmarc
850##$aРГИА
852##$aРГИА
$eФедеральное казенное учреждение "Российский государственный исторический архив" (РГИА)
$j91
937##$hРГИА
$d12099751
$aASBIBLIO_SCAN
462#0$10016aed5496-ab35-4342-97f8-2fa2d24120f7
$12001
$aПланы и чертежи зданий Ведомства учреждений императрицы Марии
$1251
$cОпись
$1852
$j82
461#0$1001fd239d76-f3be-4e65-bf12-40524fd81eef
$12001
$aСобственная его императорского величества канцелярия по учреждениям императрицы Марии
$1251
$cФонд
$1852
$j759
215##$a4 л.
$cплан.
$d36,5x26 см
371##$aДокумент не является опубликованным и широко распространяемым
105##$aе###
1220#$ad
300##$aАкварель
035##$a70445798-493f-4f03-a1da-9982d3e1fa0f
Формат отображения